01793cam a2200313 i 450000100090000000300120000900500170002100800410003801000170007902000290009602000250012504000280015004200080017805000260018608200250021208400230023710000240026024501090028430000470039349000550044050200060049550400530050152005240055465000580107865000770113665000440121365000490125777601730130618222060Nust- CAS-E20180118181410.0140711s2015 njua b 001 0 eng  a 2014025598 a9781118864630 (hardback) z9781118981115 (ePub) aDLCbengcDLCerdadDLC apcc00aTJ163.5.D38bP54 201500a621.39223bLAR 2015 aCOM0512202bisacsh1 aPierson, Jean-Marc.10aLarge-scale distributed systems and energy efficiency :ba holistic view /cedited by Jean-Marc Pierson. axvii, 312 pages :billustrations ;c25 cm.0 aWiley series on parallel and distributed computing a0 aIncludes bibliographical references and indexes. a"This book discusses energy efficiency in large-scale systems. It provides an overview of current energy-reducing technologies and the energy consumption method, addressing topics such as cloud computing, high-performance computing, networks and more. The book begins with an introduction to energy demands in ICT. It then covers topics like green wired/wireless networks, mobile computing, power modeling, green data centers and high-performance computing, resource allocation and energy efficiency in P2P systems"-- 0aData processing service centersxEnergy conservation. 0aElectronic data processingxDistributed processingxEnergy conservation. 0aComputer networksxEnergy conservation. 7aCOMPUTERS / Programming / Parallel.2bisacsh08iOnline version:aPierson, Jean-Marc.tLarge-scale distributed systems and energy efficiencydHoboken, NJ : John Wiley & Sons Inc., 2015z9781118959121w(DLC) 2014028276